[Event "Swiss Queens Wed #26"]
[Site "FIDE Online Arena INT"]
[Date "2024.07.25"]
[Round "2"]
[White "Pinto, Niyola"]
[Black "Babiy, Olga"]
[Result "0-1"]
[WhiteElo "1454"]
[BlackElo "2332"]
[PlyCount "84"]
[EventDate "2024.07.25"]
[EventType "swiss (blitz)"]
[EventRounds "11"]
[EventCountry "NET"]
[SourceTitle "CBM 221 Extra"]
[Source "ChessBase"]
[SourceDate "2024.09.30"]
[SourceVersion "1"]
[SourceVersionDate "2024.09.30"]
[SourceQuality "1"]

1. d4 e6 2. e3 Nf6 3. Bd3 c5 4. c3 b6 5. f4 Bb7 6. Nf3 Be7 7. 0-0 d6 8. Nbd2 Nbd7 9. e4 cxd4 10. cxd4 d5 11. e5 Ne4 12. Qe2 f5 13. Bxe4 dxe4 14. Ng5 Nf8 15. Qb5+ Qd7 16. Qxd7+ Kxd7 17. Nf7 Rg8 18. Nb3 h6 19. Bd2 Ng6 20. Rac1 Rgc8 21. Rxc8 Rxc8 22. Rc1 Rxc1+ 23. Bxc1 Ke8 24. Nd6+ Bxd6 25. exd6 Kd7 26. Bd2 Kxd6 27. Bb4+ Kd5 28. Bd2 Ne7 29. Be3 Nc6 30. Kf2 Ba6 31. Ke1 Bc4 32. Kd2 Bxb3 33. axb3 Nxd4 34. Bxd4 Kxd4 35. g3 a5 36. h4 h5 37. Ke2 e3 38. Kd1 Kd3 39. Ke1 e2 40. Kf2 Kd2 41. Kf3 e1Q 42. b4 Qf1# 0-1

[Event "Swiss Queens Wed #26"]
[Site "FIDE Online Arena INT"]
[Date "2024.07.25"]
[Round "8"]
[White "Pinto, Niyola"]
[Black "Mariano, Christine Rose"]
[Result "0-1"]
[WhiteElo "1454"]
[BlackElo "1962"]
[PlyCount "66"]
[EventDate "2024.07.25"]
[EventType "swiss (blitz)"]
[EventRounds "11"]
[EventCountry "NET"]
[SourceTitle "CBM 221 Extra"]
[Source "ChessBase"]
[SourceDate "2024.09.30"]
[SourceVersion "1"]
[SourceVersionDate "2024.09.30"]
[SourceQuality "1"]

1. d4 f5 2. e3 e6 3. Bd3 Nf6 4. f4 d5 5. Nf3 Be7 6. Nbd2 c6 7. 0-0 0-0 8. Ne5 Ne4 9. c3 Nd7 10. g4 Nxe5 11. fxe5 Bg5 12. Qf3 fxg4 13. Qxf8+ Qxf8 14. Rxf8+ Kxf8 15. Nxe4 dxe4 16. Bxe4 h5 17. Bd2 Bd7 18. Rf1+ Kg8 19. Bg6 h4 20. Rf7 Be8 21. Rxb7 Bxg6 22. Rc7 Be4 23. Re7 Bd5 24. Kf2 Rf8+ 25. Ke2 Bxe7 26. b3 Bf3+ 27. Ke1 g3 28. hxg3 hxg3 29. Kf1 Bh4 30. Kg1 g2 31. c4 Be4 32. d5 Bg3 33. dxe6 Rf1# 0-1

[Event "Swiss Queens Wed #26"]
[Site "FIDE Online Arena INT"]
[Date "2024.07.25"]
[Round "4"]
[White "Pinto, Niyola"]
[Black "Preobrazhenskaya, Diana"]
[Result "0-1"]
[WhiteElo "1454"]
[BlackElo "2023"]
[PlyCount "64"]
[EventDate "2024.07.25"]
[EventType "swiss (blitz)"]
[EventRounds "11"]
[EventCountry "NET"]
[SourceTitle "CBM 221 Extra"]
[Source "ChessBase"]
[SourceDate "2024.09.30"]
[SourceVersion "1"]
[SourceVersionDate "2024.09.30"]
[SourceQuality "1"]

1. d4 Nf6 2. e3 e6 3. Bd3 d5 4. f4 c5 5. c3 Nc6 6. Nf3 Be7 7. 0-0 0-0 8. Nbd2 Qc7 9. Ne5 Nd7 10. Rf3 f5 11. Rh3 Ndxe5 12. fxe5 Bd7 13. Qh5 h6 14. Qg6 Bg5 15. Nf3 Ne7 16. Qh5 Be8 17. Nxg5 Bxh5 18. Nxe6 Qc6 19. Nxf8 Bg4 20. Rg3 Rxf8 21. Bd2 h5 22. h3 h4 23. Rxg4 fxg4 24. hxg4 c4 25. Bc2 Qd7 26. Re1 Qxg4 27. e4 Qg3 28. exd5 Rf2 29. Be4 Rxd2 30. d6 Qxe1+ 31. Kh2 Qg3+ 32. Kg1 Rd1# 0-1

[Event "Swiss Queens Wed #19"]
[Site "FIDE Online Arena INT"]
[Date "2024.06.05"]
[Round "1"]
[White "Mammadova, Gulnar Marfat Qizi"]
[Black "Pinto, Niyola"]
[Result "1-0"]
[WhiteElo "2348"]
[BlackElo "1454"]
[PlyCount "57"]
[EventDate "2024.06.05"]
[EventType "swiss (blitz)"]
[EventRounds "11"]
[EventCountry "NET"]
[SourceTitle "CBM 220 Extra"]
[Source "ChessBase"]
[SourceDate "2024.07.31"]
[SourceVersion "1"]
[SourceVersionDate "2024.07.31"]
[SourceQuality "1"]

1. e4 c5 2. Nf3 Nc6 3. Bb5 d6 4. 0-0 Nf6 5. Re1 e6 6. c3 Be7 7. d4 cxd4 8. cxd4 0-0 9. Nc3 a6 10. Bd3 Bd7 11. h3 d5 12. e5 Ne4 13. Nxe4 dxe4 14. Bxe4 f6 15. a3 fxe5 16. dxe5 Qc7 17. Bg5 Bxg5 18. Bxh7+ Kxh7 19. Nxg5+ Kg8 20. Qh5 Rfb8 21. Qh7+ Kf8 22. Qh8+ Ke7 23. Qxg7+ Kd8 24. Qf8+ Be8 25. Nxe6+ Kd7 26. Rad1+ Kc8 27. Qxe8+ Nd8 28. Rxd8+ Qxd8 29. Rc1# 1-0

[Event "Swiss Queens Wed #16"]
[Site "FIDE Online Arena INT"]
[Date "2024.05.15"]
[Round "9"]
[White "Nevska, Gerda"]
[Black "Pinto, Niyola"]
[Result "1-0"]
[WhiteElo "1872"]
[BlackElo "1411"]
[PlyCount "81"]
[EventDate "2024.05.15"]
[EventType "swiss (blitz)"]
[EventRounds "11"]
[EventCountry "NET"]
[SourceTitle "CBM 220 Extra"]
[Source "ChessBase"]
[SourceDate "2024.07.31"]
[SourceVersion "1"]
[SourceVersionDate "2024.07.31"]
[SourceQuality "1"]

1. e4 c5 2. Nf3 Nc6 3. c3 d5 4. e5 Bg4 5. Bb5 Bxf3 6. Qxf3 e6 7. 0-0 Nge7 8. d4 cxd4 9. cxd4 g6 10. h4 h5 11. Bg5 Bg7 12. Bf6 0-0 13. Nd2 Bxf6 14. exf6 Nf5 15. Bxc6 bxc6 16. Rac1 Qxf6 17. Qa3 Nxd4 18. Rfe1 Qxh4 19. Re3 Qg4 20. Rg3 Ne2+ 21. Kf1 Nxg3+ 22. fxg3 Qf5+ 23. Kg1 e5 24. Nf3 Rac8 25. Qxa7 e4 26. Nd4 Qf6 27. b4 e3 28. Re1 Rfe8 29. Nf3 Qb2 30. Kh2 e2 31. Qc5 Qxa2 32. Nd4 Qc4 33. Qb6 Rb8 34. Qa7 Rxb4 35. Nf3 d4 36. Qd7 Reb8 37. Ne5 Qe6 38. Qc7 Rb1 39. Rxe2 Qc8 40. Qxf7+ Kh8 41. Nxg6# 1-0

[Event "Swiss Queens Wed #16"]
[Site "FIDE Online Arena INT"]
[Date "2024.05.15"]
[Round "3"]
[White "Pinto, Niyola"]
[Black "Lesbekova, Asel"]
[Result "0-1"]
[WhiteElo "1411"]
[BlackElo "1880"]
[PlyCount "62"]
[EventDate "2024.05.15"]
[EventType "swiss (blitz)"]
[EventRounds "11"]
[EventCountry "NET"]
[SourceTitle "CBM 220 Extra"]
[Source "ChessBase"]
[SourceDate "2024.07.31"]
[SourceVersion "1"]
[SourceVersionDate "2024.07.31"]
[SourceQuality "1"]

1. d4 d5 2. e3 e6 3. Bd3 c5 4. c3 c4 5. Bc2 Nc6 6. f4 f5 7. Nf3 Nf6 8. 0-0 b5 9. Nbd2 Bb7 10. Ne5 Bd6 11. Ndf3 0-0 12. Nxc6 Bxc6 13. Ne5 Be8 14. b3 Ne4 15. Bxe4 fxe4 16. Qg4 Qf6 17. Bb2 Qf5 18. Qg3 a5 19. bxc4 dxc4 20. a3 Bh5 21. h3 Be2 22. Rfe1 Bd3 23. Qf2 h5 24. Kh1 Bxe5 25. dxe5 Qxe5 26. fxe5 Rxf2 27. g4 Rxb2 28. gxh5 Rf8 29. Rg1 Rff2 30. Rgc1 Rh2+ 31. Kg1 Rbg2# 0-1

[Event "Swiss Queens Wed #15"]
[Site "FIDE Online Arena INT"]
[Date "2024.05.08"]
[Round "10"]
[White "Pinto, Niyola"]
[Black "Alvarez, Mia Morena"]
[Result "1-0"]
[WhiteElo "1450"]
[BlackElo "1663"]
[PlyCount "103"]
[EventDate "2024.05.08"]
[EventType "swiss (blitz)"]
[EventRounds "11"]
[EventCountry "NET"]
[SourceTitle "CBM 220 Extra"]
[Source "ChessBase"]
[SourceDate "2024.07.31"]
[SourceVersion "1"]
[SourceVersionDate "2024.07.31"]
[SourceQuality "1"]

1. d4 d5 2. e3 Nf6 3. Bd3 c6 4. f4 Bg4 5. Nf3 Nbd7 6. 0-0 h6 7. Nbd2 e6 8. Qe1 Be7 9. Ne5 Bh5 10. c3 0-0 11. e4 dxe4 12. Nxe4 Nxe4 13. Bxe4 Nf6 14. Bc2 Rc8 15. f5 Qd6 16. Qg3 Kh8 17. fxe6 Qxe6 18. Bf5 Qd5 19. Bxc8 Rxc8 20. Qd3 c5 21. Bf4 c4 22. Qc2 Bd6 23. Rae1 Bb8 24. Qf5 Qc6 25. Qc2 Qe8 26. Qd2 Qf8 27. d5 Ne8 28. Nd7 Bxf4 29. Qxf4 Qg8 30. Ne5 Nf6 31. d6 Rd8 32. Qxc4 Qf8 33. Qf4 Rxd6 34. Nc4 Rd8 35. Ne5 Qg8 36. g4 Bg6 37. Nxg6+ fxg6 38. Qf2 Qf8 39. Qxa7 Qe8 40. Rxe8+ Rxe8 41. Qxb7 Rf8 42. Qf3 Re8 43. h4 Kh7 44. g5 hxg5 45. hxg5 Nh5 46. Qh3 Rf8 47. Qg2 Rxf1+ 48. Qxf1 Kg8 49. c4 Kh7 50. c5 Kh8 51. c6 Ng3 52. c7 1-0

[Event "Swiss Queens Wed #15"]
[Site "FIDE Online Arena INT"]
[Date "2024.05.08"]
[Round "1"]
[White "Pinto, Niyola"]
[Black "Arabidze, Meri"]
[Result "0-1"]
[WhiteElo "1450"]
[BlackElo "2458"]
[PlyCount "56"]
[EventDate "2024.05.08"]
[EventType "swiss (blitz)"]
[EventRounds "11"]
[EventCountry "NET"]
[SourceTitle "CBM 220 Extra"]
[Source "ChessBase"]
[SourceDate "2024.07.31"]
[SourceVersion "1"]
[SourceVersionDate "2024.07.31"]
[SourceQuality "1"]

1. d4 Nf6 2. e3 e6 3. Bd3 b6 4. f4 Bb7 5. Nf3 Be7 6. 0-0 0-0 7. Nbd2 c5 8. c3 d5 9. Ne5 Ne4 10. Qf3 f5 11. c4 cxd4 12. exd4 dxc4 13. Bxe4 Qxd4+ 14. Kh1 fxe4 15. Qh3 Bd5 16. f5 Qxe5 17. fxe6 Nc6 18. Rxf8+ Rxf8 19. Rb1 e3 20. Nf3 Bxf3 21. gxf3 e2 22. Bd2 Nd4 23. Bc3 Qe3 24. Bxd4 e1Q+ 25. Rxe1 Qxe1+ 26. Kg2 Qd2+ 27. Kg3 Qxd4 28. Qg4 Bd6+ 0-1

[Event "Swiss Queens Wed #15"]
[Site "FIDE Online Arena INT"]
[Date "2024.05.08"]
[Round "11"]
[White "Pinto, Niyola"]
[Black "Balandran Duarte, Tania"]
[Result "1-0"]
[WhiteElo "1450"]
[BlackElo "1815"]
[PlyCount "115"]
[EventDate "2024.05.08"]
[EventType "swiss (blitz)"]
[EventRounds "11"]
[EventCountry "NET"]
[SourceTitle "CBM 220 Extra"]
[Source "ChessBase"]
[SourceDate "2024.07.31"]
[SourceVersion "1"]
[SourceVersionDate "2024.07.31"]
[SourceQuality "1"]

1. d4 Nf6 2. e3 d5 3. Bd3 c5 4. c3 Nc6 5. f4 g6 6. Nf3 Bg7 7. 0-0 b6 8. Ne5 Qc7 9. Bb5 Bd7 10. Bd3 0-0 11. Nd2 Nh5 12. Nxd7 Qxd7 13. Rf3 c4 14. Bc2 b5 15. e4 dxe4 16. Bxe4 Rab8 17. Rh3 Nxf4 18. Rf3 Nd5 19. Qe1 e6 20. Qh4 f5 21. Bc2 Bf6 22. Qh6 Bg7 23. Qh4 Rbe8 24. Rh3 h6 25. g4 g5 26. Qg3 f4 27. Qf3 Ne3 28. Bg6 Rf6 29. Bxe8 Qxe8 30. Ne4 Nd5 31. Nxf6+ Nxf6 32. Bd2 Ne7 33. Re1 Qg6 34. Qe2 Ned5 35. Qxe6+ Kh7 36. Qe2 Qc2 37. Rf3 Nxg4 38. Qe4+ Qxe4 39. Rxe4 Ngf6 40. Re6 a5 41. Ra6 a4 42. a3 Kg6 43. Ra5 Kf5 44. Rxb5 g4 45. Rxf4+ Ke6 46. Rf2 Ne4 47. Re2 Ndf6 48. Rb6+ Kf5 49. d5 Nxd5 50. Rb5 Nef6 51. Rf2+ Ke6 52. Ra5 Bf8 53. Rxa4 Bc5 54. Ra6+ Ke5 55. Raxf6 Bxf2+ 56. Rxf2 Ke4 57. a4 Kd3 58. Bxh6 1-0